|
|
|
|
| LEADER |
00000nas a2200000 a 4500 |
| 001 |
ssj0000388519 |
| 003 |
WaSeSS |
| 005 |
20200512172242.0 |
| 006 |
m d |
| 007 |
cr n |
| 008 |
100604c20059999dcufr p s 0 a0eng c |
| 010 |
|
|
|a 2010267038
|
| 022 |
|
|
|a 2160-2387
|y 1554-3013
|
| 035 |
|
|
|a (WaSeSS)ssj0000388519
|
| 040 |
|
|
|a CLL
|b eng
|c CLL
|d CLL
|d DOS
|d DLC
|d OCLCQ
|d OCLCF
|d OCLCO
|d VT2
|d OCLCQ
|d YOR
|d UUM
|d WaSeSS
|
| 041 |
0 |
|
|a eng
|a chi
|
| 042 |
|
|
|a pcc
|a nsdp
|
| 043 |
|
|
|a a-cc---
|
| 050 |
|
4 |
|a KNQ2688.A15
|b C45 online
|
| 082 |
1 |
0 |
|a 291
|2 14
|
| 130 |
0 |
|
|a Chinese law & religion monitor (Online)
|
| 222 |
|
0 |
|a Chinese law & religion monitor
|b (Online)
|
| 245 |
1 |
0 |
|a Chinese law & religion monitor
|h [electronic resource] =
|b Zhongguo fa lü yu zong jia guan cha.
|
| 246 |
3 |
|
|a Chinese law and religion monitor
|
| 246 |
3 |
1 |
|a Zhongguo fa lü yu zong jia guan cha
|
| 246 |
1 |
|
|a Chinese L. & Religion Monitor
|
| 260 |
|
|
|a Washington, DC :
|b China Aid Association
|
| 310 |
|
|
|a Semiannual,
|b 2006-
|
| 321 |
|
|
|a Quarterly,
|b 2005
|
| 362 |
1 |
|
|a Began with vol. 1, no. 1 (Jan.-Mar. 2005).
|
| 506 |
|
|
|a License restrictions may limit access.
|
| 538 |
|
|
|a Mode of access: World Wide Web.
|
| 546 |
|
|
|a English and Chinese.
|
| 588 |
|
|
|a Description based on: Vol. 1, no. 1 (Jan.-Mar. 2005); title from PDF table of contents page (HeinOnline, viewed June 9, 2010).
|
| 588 |
|
|
|a Latest issue consulted: Vol. 6, no. 1 (Jan.-June 2010) (viewed March 9, 2011).
|
| 650 |
|
0 |
|a Religious law and legislation
|z China
|v Periodicals.
|
| 650 |
|
0 |
|a Religion and law
|z China
|v Periodicals.
|
| 650 |
|
0 |
|a Sociological jurisprudence
|v Periodicals.
|
| 650 |
|
7 |
|a Religion and law.
|2 fast
|0 (OCoLC)fst01093835
|
| 650 |
|
7 |
|a Religious law and legislation.
|2 fast
|0 (OCoLC)fst01094107
|
| 650 |
|
7 |
|a Sociological jurisprudence.
|2 fast
|0 (OCoLC)fst01123856
|
| 651 |
|
7 |
|a China.
|2 fast
|0 (OCoLC)fst01206073
|
| 655 |
|
0 |
|a Electronic journals.
|
| 710 |
2 |
|
|a China Aid Association.
|
| 776 |
0 |
8 |
|i Print version:
|t Chinese law & religion monitor
|x 1554-3013
|w (DLC) 2005214111
|w (OCoLC)57447329
|
| 856 |
4 |
0 |
|z Full text available from Research Library: 01/01/2010 to 07/31/2013
|u https://search.proquest.com/publication/376318
|